[Event "Bled Olympiad"]
[Site "Bled SLO"]
[Date "2002.11.04"]
[EventDate "2002.10.26"]
[Round "9"]
[Result "1-0"]
[White "Kamil Miton"]
[Black "Joerg Hickl"]
[WhiteElo "2564"]
[BlackElo "2605"]
[PlyCount "89"]

1. d4 d6 2. c4 e5 3. Nf3 exd4 4. Nxd4 g6 5. Nc3 Bg7 6. e4 Ne7
7. Bg5 h6 8. Be3 Nbc6 9. Be2 f5 10. exf5 Nxf5 11. Nxf5 Bxf5
12. O-O O-O 13. Qb3 Kh7 14. Rad1 b6 15. Rd2 Qd7 16. c5 bxc5
17. Bxc5 Ne5 18. Bd4 Be6 19. Qd1 a5 20. b3 Rf7 21. f4 Ng4
22. Bxg4 Bxg4 23. Qa1 Bxd4+ 24. Rxd4 Raf8 25. h3 Bxh3 26. gxh3
Qxh3 27. Qe1 Re8 28. Re4 Qg4+ 29. Kh2 Rf5 30. Qg3 Qh5+ 31. Kg1
Rxe4 32. Nxe4 d5 33. Nf2 g5 34. Rc1 Qf7 35. Qd3 gxf4 36. Rxc7
Qxc7 37. Qxf5+ Kg7 38. Qxd5 Qc3 39. Qd7+ Kg6 40. Qg4+ Kh7
41. Kg2 Qd2 42. a4 Qb4 43. Qe6 Qd2 44. Kf3 h5 45. Qf7+ 1-0

[Event "Bled Olympiad"]
[Site "Bled SLO"]
[Date "2002.11.04"]
[EventDate "2002.10.26"]
[Round "9"]
[Result "1-0"]
[White "Rustem Dautov"]
[Black "Bartosz Socko"]
[WhiteElo "2617"]
[BlackElo "2569"]
[PlyCount "129"]

1. d4 Nf6 2. c4 g6 3. g3 Bg7 4. Bg2 d6 5. Nf3 O-O 6. O-O a6
7. Nc3 Nc6 8. h3 Bd7 9. e4 e5 10. Be3 exd4 11. Nxd4 Re8
12. Re1 Qc8 13. Nxc6 bxc6 14. g4 Rb8 15. Qd2 h5 16. g5 Bxh3
17. gxf6 Bxg2 18. Kxg2 Qg4+ 19. Kf1 Bxf6 20. b3 h4 21. Bd4
Bxd4 22. Qxd4 h3 23. Qd1 Qg2+ 24. Ke2 d5 25. Rg1 Rxe4+
26. Nxe4 Qxe4+ 27. Kd2 dxc4 28. Kc3 cxb3 29. axb3 Qe5+ 30. Kc2
Qc5+ 31. Kb2 Qe5+ 32. Kc2 Qf5+ 33. Qd3 Qxf2+ 34. Qd2 Qf3
35. Qc3 Qe2+ 36. Qd2 Qf3 37. Rab1 Rb5 38. Rgf1 Qe4+ 39. Kb2
Rd5 40. Qc3 Qe2+ 41. Ka3 Rd2 42. Ra1 Qe7+ 43. Qb4 Qxb4+
44. Kxb4 g5 45. Rg1 f6 46. Kc3 Rf2 47. Rg3 h2 48. Rh1 Kf7
49. Rh3 g4 50. R1xh2 Rf1 51. Rh1 Rf2 52. Rg3 Rf4 53. Rh4 f5
54. Rh6 Re4 55. Rxc6 a5 56. Ra6 Re6 57. Rxe6 Kxe6 58. Kd4 c5+
59. Kd3 Ke5 60. Rg1 Kd5 61. Rf1 Ke5 62. Ke3 g3 63. Ra1 g2
64. Kf2 Kd4 65. Rxa5 1-0

[Event "Bled Olympiad"]
[Site "Bled SLO"]
[Date "2002.11.04"]
[EventDate "2002.10.26"]
[Round "9"]
[Result "1/2-1/2"]
[White "Gabriel Sargissian"]
[Black "Friso Nijboer"]
[WhiteElo "2568"]
[BlackElo "2556"]
[PlyCount "68"]

1. d4 Nf6 2. c4 g6 3. g3 Bg7 4. Bg2 O-O 5. Nc3 d6 6. Nf3 Nc6
7. O-O Rb8 8. b3 a6 9. Nd5 Nh5 10. Bb2 e6 11. Nc3 b5 12. d5
Ne7 13. dxe6 fxe6 14. c5 dxc5 15. Qc2 Nc6 16. Rad1 Nd4
17. Nxd4 cxd4 18. Ne4 e5 19. e3 Bf5 20. Qc5 Rf7 21. exd4 exd4
22. Rxd4 Qe7 23. Ba1 Qxc5 24. Nxc5 Bxd4 25. Bxd4 Rd8 26. Be3
Nf6 27. Nxa6 Be4 28. Bh3 Rd6 29. Nc5 Bf5 30. Bg2 h5 31. a4
bxa4 32. bxa4 Nd5 33. Bd2 Re7 34. Nb7 Rdd7 1/2-1/2

[Event "Bled Olympiad"]
[Site "Bled SLO"]
[Date "2002.11.04"]
[EventDate "2002.10.26"]
[Round "9"]
[Result "1/2-1/2"]
[White "Sergei Tiviakov"]
[Black "Karen Asrian"]
[WhiteElo "2631"]
[BlackElo "2597"]
[PlyCount "45"]

1. e4 c6 2. d4 d5 3. Nd2 dxe4 4. Nxe4 Bf5 5. Ng3 Bg6 6. Bc4 e6
7. N1e2 Nf6 8. Nf4 Nd5 9. Nxg6 hxg6 10. c3 Nd7 11. Qe2 Be7
12. Ne4 N7f6 13. Ng5 Nd7 14. Nf3 g5 15. g3 g4 16. Ne5 Nxe5
17. Qxe5 Nf6 18. Qe2 Rh5 19. Bd2 Qa5 20. O-O-O O-O-O 21. f3
gxf3 22. Qxf3 Qf5 23. Qxf5 1/2-1/2

[Event "Bled Olympiad"]
[Site "Bled SLO"]
[Date "2002.11.04"]
[EventDate "2002.10.26"]
[Round "9"]
[Result "1/2-1/2"]
[White "Loek van Wely"]
[Black "Vladimir Akopian"]
[WhiteElo "2681"]
[BlackElo "2689"]
[PlyCount "66"]

1. d4 Nf6 2. c4 e6 3. Nc3 Bb4 4. e3 c5 5. Nge2 cxd4 6. exd4
O-O 7. a3 Be7 8. Nf4 d5 9. cxd5 Nxd5 10. Ncxd5 exd5 11. Bd3
Nc6 12. O-O Bg5 13. Be3 Bxf4 14. Bxf4 Qf6 15. Be3 Bf5 16. Be2
Rfe8 17. Qd2 Qg6 18. Rfe1 h5 19. Bf1 h4 20. f3 h3 21. g3 Bd7
22. Bf4 Qf6 23. Rxe8+ Rxe8 24. Rd1 g5 25. Bxg5 Qxf3 26. Bh6 f6
27. Re1 Rxe1 28. Qxe1 Kf7 29. Be3 Bg4 30. Qd2 Qe4 31. Qd3 f5
32. b4 a6 33. Bf2 Kg6 1/2-1/2

[Event "Bled Olympiad"]
[Site "Bled SLO"]
[Date "2002.11.04"]
[EventDate "2002.10.26"]
[Round "9"]
[Result "1-0"]
[White "Stuart Conquest"]
[Black "Viktor Kupreichik"]
[WhiteElo "2537"]
[BlackElo "2485"]
[PlyCount "95"]

1. d4 d6 2. e4 Nf6 3. Nc3 g6 4. g3 Bg7 5. Bg2 O-O 6. Nge2 e5
7. h3 c6 8. a4 Nbd7 9. O-O Re8 10. Be3 exd4 11. Bxd4 b6
12. Be3 Nc5 13. e5 dxe5 14. Qxd8 Rxd8 15. b4 Ne6 16. Bxc6 Rb8
17. Rfd1 Bb7 18. Rxd8+ Nxd8 19. Bxb7 Rxb7 20. a5 Bf8 21. b5
Ne6 22. axb6 axb6 23. Ra8 Kg7 24. Kg2 Bc5 25. Kf3 Rc7 26. Ra6
Bd4 27. Ra3 Rc5 28. Rb3 h5 29. Kg2 g5 30. Bd2 Kg6 31. Be1 Rc4
32. Ra3 Nc5 33. Ra8 g4 34. hxg4 hxg4 35. Rc8 Bxc3 36. Nxc3
Nfe4 37. Rc6+ Kf5 38. Nd5 Rd4 39. Ne3+ Kg5 40. Rxb6 f5 41. Rb8
f4 42. Rg8+ Kh5 43. Rh8+ Kg5 44. Rg8+ Kh5 45. Nxg4 Rc4
46. Nxe5 Rxc2 47. gxf4 Rb2 48. Rh8+ 1-0

[Event "Bled Olympiad"]
[Site "Bled SLO"]
[Date "2002.11.04"]
[EventDate "2002.10.26"]
[Round "9"]
[Result "1-0"]
[White "Boris Gelfand"]
[Black "Liviu Dieter Nisipeanu"]
[WhiteElo "2704"]
[BlackElo "2613"]
[PlyCount "83"]

1. d4 Nf6 2. c4 e6 3. g3 c5 4. Nf3 cxd4 5. Nxd4 Nc6 6. Bg2 Qb6
7. Nb5 Ne5 8. N1c3 a6 9. Na3 Be7 10. O-O d6 11. Qb3 Qc7
12. Bf4 O-O 13. Rfd1 Ng6 14. Be3 Nd7 15. Na4 Rb8 16. Ba7 Ra8
17. Qe3 Bd8 18. Rac1 Qa5 19. b3 Ne7 20. g4 Nc6 21. Bxc6 bxc6
22. Rxd6 Qc7 23. Bc5 Nxc5 24. Qxc5 Be7 25. Rcd1 Bxd6 26. Qxd6
Ra7 27. c5 e5 28. Nc4 f6 29. f3 Qf7 30. Nab6 Rc7 31. Na5 h5
32. gxh5 Bh3 33. Nxc6 Kh7 34. Kh1 Rfc8 35. Qd3+ e4 36. Qxe4+
f5 37. Qh4 Re8 38. Nd4 Qe7 39. Qxh3 Qxc5 40. Nc4 Rd8 41. e3 f4
42. Rg1 1-0

[Event "Bled Olympiad"]
[Site "Bled SLO"]
[Date "2002.11.04"]
[EventDate "2002.10.26"]
[Round "9"]
[Result "1-0"]
[White "Emil Sutovsky"]
[Black "Vladislav Nevednichy"]
[WhiteElo "2657"]
[BlackElo "2555"]
[PlyCount "125"]

1. e4 e5 2. Nf3 d6 3. d4 exd4 4. Qxd4 a6 5. Be3 Nc6 6. Qd2 Nf6
7. Nc3 Be7 8. h3 O-O 9. O-O-O Nd7 10. Nd4 Nxd4 11. Bxd4 c6
12. Ne2 c5 13. Be3 b5 14. Nf4 Nb6 15. Nh5 Re8 16. Bf4 g6
17. Ng3 Ra7 18. Be2 d5 19. exd5 Rd7 20. d6 Bxd6 21. Bxd6 Re6
22. Qf4 Rdxd6 23. Rxd6 Qxd6 24. Qxd6 Rxd6 25. Ne4 Re6 26. Bf3
Re5 27. Rd1 Kg7 28. Nd6 Bd7 29. b3 h5 30. Nb7 c4 31. bxc4 bxc4
32. Rd6 Re6 33. Kd2 Kf6 34. Rd4 Ke7 35. Nc5 Rd6 36. Rxd6 Kxd6
37. Nxa6 h4 38. Kc3 Bb5 39. Bb7 Bxa6 40. Bxa6 Kc5 41. Bb7 g5
42. a3 f6 43. Kd2 Kd4 44. c3+ Ke5 45. Bc6 Kd6 46. Be8 Nd5
47. g3 f5 48. gxh4 gxh4 49. Bf7 Nf4 50. Ke3 Ke5 51. a4 Nxh3
52. a5 f4+ 53. Ke2 Kd6 54. Bxc4 Ng5 55. a6 Kc6 56. Bd5+ Kb6
57. Bb7 Ka7 58. Kf1 Ne6 59. Kg2 Nc5 60. Kh3 Na4 61. Kxh4 Nxc3
62. Kg4 Nd1 63. f3 1-0

[Event "Bled Olympiad"]
[Site "Bled SLO"]
[Date "2002.11.04"]
[EventDate "2002.10.26"]
[Round "9"]
[Result "0-1"]
[White "Aloyzas Kveinys"]
[Black "Nenad Sulava"]
[WhiteElo "2530"]
[BlackElo "2551"]
[PlyCount "106"]

1. c4 c5 2. g3 g6 3. Bg2 Bg7 4. Nf3 Nc6 5. Nc3 b6 6. O-O Bb7
7. d3 d6 8. e4 Nf6 9. h3 O-O 10. Be3 Rc8 11. Qd2 Nd7 12. Nh4
e6 13. Nb5 Qe7 14. f4 a6 15. Nc3 b5 16. Rae1 Nd4 17. Kh2 Kh8
18. f5 Be5 19. Bg5 f6 20. Bh6 Rg8 21. fxe6 Qxe6 22. Nd5 Bxd5
23. exd5 Qe7 24. Be3 f5 25. Nf3 Nxf3+ 26. Bxf3 bxc4 27. dxc4
g5 28. Bd1 Rcf8 29. Bg1 g4 30. Kh1 gxh3 31. Qd3 Qg7 32. Bh2 f4
33. g4 Nf6 34. Qxh3 Nxg4 35. Bxg4 Qxg4 36. Qxg4 Rxg4 37. Re4
a5 38. Rf3 h5 39. Rh3 h4 40. b3 Kg7 41. Bg1 Kf6 42. Bf2 Kf5
43. Re2 Rfg8 44. Re1 Ra8 45. a4 Rag8 46. Rf1 Bd4 47. Bxd4 cxd4
48. Rd1 Rg3 49. Rxh4 Ke4 50. Rh7 d3 51. c5 dxc5 52. d6 R8g7
53. Re1+ Kd5 0-1

[Event "Bled Olympiad"]
[Site "Bled SLO"]
[Date "2002.11.04"]
[EventDate "2002.10.26"]
[Round "9"]
[Result "1-0"]
[White "Robert Zelcic"]
[Black "Vidmantas Malisauskas"]
[WhiteElo "2554"]
[BlackElo "2521"]
[PlyCount "79"]

1. e4 c5 2. Nf3 d6 3. d4 cxd4 4. Nxd4 Nf6 5. Nc3 a6 6. Be2 e5
7. Nb3 Be7 8. O-O O-O 9. Kh1 b6 10. a4 Bb7 11. f3 Qc7 12. Be3
Nbd7 13. Rf2 h6 14. Bf1 Rfd8 15. Rd2 Bc6 16. Nc1 Nc5 17. N1a2
Nxa4 18. Nxa4 Bxa4 19. Nc3 Bc6 20. Rxa6 Rxa6 21. Bxa6 Ra8
22. Qf1 Ne8 23. Bg1 Bg5 24. Rd1 Kf8 25. Bb5 Ra5 26. Bc4 b5
27. Nxb5 Qb8 28. Nc3 Qxb2 29. Nd5 Bxd5 30. Bxd5 Qxc2 31. Rb1
Qc8 32. Qe1 Ra3 33. Rb7 Be7 34. Qb1 Qc3 35. Rb8 Qa5 36. Bc6
Bd8 37. h3 Qc7 38. Qb6 Qxb6 39. Bxb6 Ra6 40. Rxd8 1-0

[Event "Bled Olympiad"]
[Site "Bled SLO"]
[Date "2002.11.04"]
[EventDate "2002.10.26"]
[Round "9"]
[Result "1/2-1/2"]
[White "Hrvoje Stevic"]
[Black "Darius Zagorskis"]
[WhiteElo "2512"]
[BlackElo "2481"]
[PlyCount "68"]

1. e4 c5 2. Nf3 d6 3. c3 Nf6 4. Be2 Bd7 5. d3 Nc6 6. O-O g6
7. Nbd2 Bg7 8. d4 cxd4 9. cxd4 O-O 10. b3 Rc8 11. Bb2 d5
12. e5 Ne8 13. a3 Nc7 14. b4 Ne6 15. Nb3 Nf4 16. Nc5 b6
17. Nxd7 Nxe2+ 18. Qxe2 Qxd7 19. Bc1 Nd8 20. Be3 Ne6 21. Rfc1
Qb7 22. h3 Rfe8 23. a4 f6 24. exf6 exf6 25. Rxc8 Rxc8 26. Bd2
Qd7 27. Re1 Kf7 28. Qa6 Bf8 29. b5 Rc2 30. a5 bxa5 31. Bxa5
Ra2 32. b6 axb6 33. Qxb6 Be7 34. Bd2 Rc2 1/2-1/2

[Event "Bled Olympiad"]
[Site "Bled SLO"]
[Date "2002.11.04"]
[EventDate "2002.10.26"]
[Round "9"]
[Result "1/2-1/2"]
[White "Ivan Cheparinov"]
[Black "Vladimir Baklan"]
[WhiteElo "2473"]
[BlackElo "2607"]
[PlyCount "100"]

1. e4 e6 2. d4 d5 3. Nc3 Bb4 4. e5 Ne7 5. a3 Bxc3+ 6. bxc3 c5
7. Qg4 O-O 8. Bd3 Qa5 9. Bd2 f5 10. exf6 Rxf6 11. Nf3 Nbc6
12. Qh5 Nf5 13. c4 Qa4 14. cxd5 Ncxd4 15. Ng5 h6 16. Ne4 Rf8
17. O-O exd5 18. Nxc5 Qc6 19. Nb3 Bd7 20. Rae1 Nxb3 21. cxb3
Qf6 22. Bb4 Rf7 23. Rc1 Rc8 24. Rxc8+ Bxc8 25. Qf3 Be6 26. Re1
b6 27. Qf4 Qd4 28. Qb8+ Kh7 29. Bb1 Bd7 30. Qxa7 g6 31. Bxf5
gxf5 32. Ba5 Rg7 33. Qxb6 Qg4 34. g3 d4 35. Bd2 f4 36. Qxd4
fxg3 37. Qxg4 gxf2+ 38. Kxf2 Bxg4 39. Bb4 Kg6 40. Re7 Rxe7
41. Bxe7 Bd1 42. b4 Kf7 43. Bc5 Ke6 44. Bf8 h5 45. Ke3 Kd5
46. Kd2 Ba4 47. Kc3 Kc6 48. Kc4 Kb6 49. Bc5+ Ka6 50. Bf2 Be8
1/2-1/2

[Event "Bled Olympiad"]
[Site "Bled SLO"]
[Date "2002.11.04"]
[EventDate "2002.10.26"]
[Round "9"]
[Result "1/2-1/2"]
[White "Reynaldo Vera"]
[Black "Stellan Brynell"]
[WhiteElo "2544"]
[BlackElo "2524"]
[PlyCount "85"]

1. d4 Nf6 2. c4 e6 3. Nc3 Bb4 4. Qc2 O-O 5. a3 Bxc3+ 6. Qxc3
b5 7. cxb5 c6 8. Bg5 cxb5 9. e3 Bb7 10. Rc1 Na6 11. Qd2 h6
12. Bxf6 Qxf6 13. f3 Qh4+ 14. Qf2 Qxf2+ 15. Kxf2 Rfc8
16. Rxc8+ Rxc8 17. Bxb5 Rc2+ 18. Ne2 Nc7 19. Bd3 Rd2 20. Rc1
Nd5 21. Be4 Rxb2 22. Rb1 Rxb1 23. Bxb1 Ba6 24. Ba2 Bxe2
25. Bxd5 Bb5 26. Bb3 d6 27. f4 Bc6 28. g3 Kf8 29. Ke2 Ke7
30. Kd3 f6 31. Kc3 e5 32. Kb4 exd4 33. exd4 Kd8 34. Ka5 Kc7
35. Ka6 Kb8 36. h4 Bf3 37. Bc4 Be4 38. Bb5 Bf3 39. Be8 Be2+
40. Bb5 Bf3 41. Be8 Be2+ 42. Ka5 Kc7 43. Ba4 1/2-1/2

[Event "Bled Olympiad"]
[Site "Bled SLO"]
[Date "2002.11.04"]
[EventDate "2002.10.26"]
[Round "9"]
[Result "1-0"]
[White "Tiger Hillarp Persson"]
[Black "Walter Arencibia"]
[WhiteElo "2493"]
[BlackElo "2521"]
[PlyCount "29"]

1. d4 d5 2. c4 e6 3. Nc3 Be7 4. Nf3 Nf6 5. Bg5 O-O 6. e3 Nbd7
7. Qc2 c5 8. O-O-O cxd4 9. Rxd4 Qa5 10. cxd5 exd5 11. h4 Nb6
12. Rf4 Bd6 13. Rxf6 gxf6 14. Bxf6 Nd7 15. Qf5 1-0

[Event "Bled Olympiad"]
[Site "Bled SLO"]
[Date "2002.11.04"]
[EventDate "2002.10.26"]
[Round "9"]
[Result "0-1"]
[White "Sergey Zagrebelny"]
[Black "Darmen Sadvakasov"]
[WhiteElo "2525"]
[BlackElo "2538"]
[PlyCount "80"]

1. e4 c5 2. Nf3 e6 3. d4 cxd4 4. Nxd4 a6 5. Bd3 Nf6 6. O-O Qc7
7. c4 Nc6 8. Nxc6 dxc6 9. Be3 e5 10. f3 Be6 11. Qc2 Rd8 12. c5
g6 13. Nd2 Bg7 14. Nc4 O-O 15. Rfd1 Nh5 16. Bf1 f5 17. Rd6
Rde8 18. Nb6 Kh8 19. Bc4 Bxc4 20. Rd7 Qb8 21. Qxc4 Nf6 22. Rd6
Qc7 23. Rad1 fxe4 24. Nd7 Nd5 25. Qxe4 Rf7 26. R1xd5 cxd5
27. Qxd5 Ree7 28. Nb6 e4 29. fxe4 Re8 30. h3 Rfe7 31. Bd4 Rxe4
32. Bxg7+ Qxg7 33. Nd7 Qxb2 34. Kh2 Re2 35. Rb6 Qc3 36. Rxb7
Qe3 37. Qd6 Rxg2+ 38. Kxg2 Qe2+ 39. Kg3 Re3+ 40. Kf4 Qf3+ 0-1

[Event "Bled Olympiad"]
[Site "Bled SLO"]
[Date "2002.11.04"]
[EventDate "2002.10.26"]
[Round "9"]
[Result "1-0"]
[White "Petr Kostenko"]
[Black "Saidali Iuldachev"]
[WhiteElo "2501"]
[BlackElo "2511"]
[PlyCount "77"]

1. c4 g6 2. Nc3 Bg7 3. g3 c5 4. Bg2 Nc6 5. e4 e6 6. d3 Nge7
7. Nge2 d6 8. h4 h5 9. Rb1 Rb8 10. a3 b6 11. Bg5 Bb7 12. O-O
Qd7 13. Qd2 Nd4 14. Rfe1 Nec6 15. Nd5 exd5 16. exd5 Ne5
17. Nxd4 cxd4 18. f4 f6 19. fxe5 dxe5 20. Be4 fxg5 21. Qxg5
Qe7 22. Qxg6+ Kd8 23. Rf1 Rh6 24. d6 Rxg6 25. dxe7+ Kxe7
26. Bxg6 Bf6 27. Kh2 Rh8 28. Rbe1 a5 29. Rf2 Rg8 30. Be4 Bxe4
31. Rxe4 Ke6 32. Kh3 a4 33. g4 b5 34. cxb5 Rb8 35. gxh5 Rxb5
36. Rg4 Rb3 37. Rg6 Rxd3+ 38. Kg4 Kd5 39. Rgxf6 1-0

[Event "Bled Olympiad"]
[Site "Bled SLO"]
[Date "2002.11.04"]
[EventDate "2002.10.26"]
[Round "9"]
[Result "1-0"]
[White "Angelos Vouldis"]
[Black "Martin Labollita"]
[WhiteElo "2526"]
[BlackElo "2392"]
[PlyCount "87"]

1. e4 Nf6 2. e5 Nd5 3. d4 d6 4. Nf3 Bg4 5. Be2 e6 6. O-O Be7
7. c4 Nb6 8. h3 Bh5 9. Nc3 O-O 10. Be3 d5 11. c5 Bxf3 12. gxf3
Nc8 13. f4 Bh4 14. Bd3 g6 15. Kh2 Ne7 16. Rg1 Kh8 17. b4 Nbc6
18. b5 Na5 19. Qf3 c6 20. Rab1 Nf5 21. bxc6 bxc6 22. Rb4 Rb8
23. a3 Rg8 24. Rgb1 Qc7 25. Ne2 Nc4 26. Bxc4 dxc4 27. Nc3 g5
28. Ne4 gxf4 29. Qxf4 Rxb4 30. Rxb4 f6 31. Nd6 Qg7 32. Qg4 Qd7
33. Qh5 Nxd6 34. cxd6 c5 35. Qxh4 cxb4 36. Qxf6+ Qg7 37. Bh6
Qxf6 38. exf6 bxa3 39. f7 Rd8 40. d7 a2 41. f8=Q+ Rxf8
42. Bxf8 a1=Q 43. d8=Q Kg8 44. Qf6 1-0

[Event "Bled Olympiad"]
[Site "Bled SLO"]
[Date "2002.11.04"]
[EventDate "2002.10.26"]
[Round "9"]
[Result "1/2-1/2"]
[White "Pablo Ricardi"]
[Black "Ioannis Papaioannou"]
[WhiteElo "2544"]
[BlackElo "2587"]
[PlyCount "121"]

1. e4 c6 2. d4 d5 3. Nd2 dxe4 4. Nxe4 Nd7 5. Ng5 Ngf6 6. Bd3
e6 7. N1f3 Bd6 8. Qe2 h6 9. Ne4 Nxe4 10. Qxe4 Qc7 11. Qg4 Kf8
12. O-O c5 13. b3 e5 14. c3 Kg8 15. Rd1 cxd4 16. cxd4 Nf6
17. Qh4 e4 18. Bxe4 g5 19. Bxg5 Nxe4 20. Bd8 Qd7 21. Ne5 Qf5
22. Rd3 Bxe5 23. dxe5 Qxe5 24. Re1 Bf5 25. f3 Qc5+ 26. Rde3
Rxd8 27. Qxd8+ Kg7 28. Qd1 Nf6 29. Kh1 Qb6 30. Qa1 Rd8 31. Re5
Be6 32. R5e4 Bf5 33. Re5 Bg6 34. Re7 a5 35. h3 Rd2 36. R1e2
Rxe2 37. Rxe2 Qd6 38. Qc3 b6 39. Rd2 Qe6 40. Qd4 b5 41. Kh2
Qe7 42. g4 Qe1 43. Kg2 Kh7 44. Qf2 Qc1 45. Rd8 Ng8 46. Qd2 Qc7
47. Qd6 Qc2+ 48. Kg3 Qb1 49. h4 Qe1+ 50. Kh3 Qf2 51. Qg3 Qc2
52. h5 Bd3 53. Qd6 Bf1+ 54. Kg3 Qg2+ 55. Kf4 Qh2+ 56. Ke3 Qe2+
57. Kf4 Ne7 58. Qf6 Qh2+ 59. Ke3 Qe2+ 60. Kf4 Qh2+ 61. Ke4
1/2-1/2

[Event "Bled Olympiad"]
[Site "Bled SLO"]
[Date "2002.11.04"]
[EventDate "2002.10.26"]
[Round "9"]
[Result "1-0"]
[White "Alfonso Romero Holmes"]
[Black "Nicholas Speck"]
[WhiteElo "2524"]
[BlackElo "2371"]
[PlyCount "75"]

1. c4 Nf6 2. Nc3 g6 3. e4 d6 4. Nge2 Bg7 5. g3 c5 6. Bg2 Nc6
7. d3 O-O 8. O-O Ne8 9. Be3 Nd4 10. Qd2 Nc7 11. Bh6 Rb8
12. Bxg7 Kxg7 13. Nxd4 cxd4 14. Ne2 e5 15. f4 b5 16. f5 gxf5
17. exf5 f6 18. g4 bxc4 19. dxc4 d5 20. c5 Ba6 21. Rfe1 d3
22. Ng3 e4 23. b4 Bb7 24. a4 a6 25. g5 Bc6 26. Nh5+ Kh8 27. g6
Ne8 28. Re3 d4 29. Rh3 e3 30. Qxd3 Bxg2 31. Kxg2 Rxb4 32. Nf4
Rb7 33. Rb1 Qa8 34. Rxb7 Qxb7+ 35. Kf1 Qb4 36. Rxh7+ Kg8
37. Nd5 e2+ 38. Qxe2 1-0

[Event "Bled Olympiad"]
[Site "Bled SLO"]
[Date "2002.11.04"]
[EventDate "2002.10.26"]
[Round "9"]
[Result "1/2-1/2"]
[White "Mikhail Gluzman"]
[Black "Julen Luis Arizmendi Martinez"]
[WhiteElo "2417"]
[BlackElo "2510"]
[PlyCount "58"]

1. d4 Nf6 2. c4 g6 3. Nc3 Bg7 4. e4 d6 5. f4 c5 6. d5 O-O
7. Nf3 e6 8. Be2 exd5 9. cxd5 Bg4 10. O-O Nbd7 11. Re1 Re8
12. h3 Bxf3 13. Bxf3 Qa5 14. Be3 b5 15. a3 Nb6 16. e5 Nc4
17. exf6 Nxe3 18. Rxe3 Rxe3 19. fxg7 Rae8 20. Qd2 a6 21. Rf1
f5 22. g4 Qd8 23. a4 Qh4 24. Kg2 b4 25. Nd1 fxg4 26. hxg4 Rxf3
27. Rxf3 Qxg4+ 28. Kf2 Qh4+ 29. Kg2 Qg4+ 1/2-1/2

[Event "Bled Olympiad"]
[Site "Bled SLO"]
[Date "2002.11.04"]
[EventDate "2002.10.26"]
[Round "9"]
[Result "1-0"]
[White "Yannick Pelletier"]
[Black "Martin Neubauer"]
[WhiteElo "2587"]
[BlackElo "2388"]
[PlyCount "69"]

1. Nf3 g6 2. e4 d6 3. d4 Nf6 4. Nc3 Bg7 5. Be2 O-O 6. O-O Bg4
7. Be3 Nc6 8. d5 Nb8 9. Re1 c6 10. a4 a5 11. h3 Bxf3 12. Bxf3
Nbd7 13. Qd2 Rc8 14. Be2 Nb6 15. Ra3 Nfd7 16. Nd1 Nc5 17. dxc6
Nbxa4 18. cxb7 Rb8 19. e5 Bxe5 20. Bf3 Nxb2 21. Bxc5 Nc4
22. Qd3 Nxa3 23. Bxa3 Qc7 24. Ne3 e6 25. Nc4 Rfd8 26. Nxe5
dxe5 27. Qe3 f6 28. Qc5 Rxb7 29. Bxb7 Qxb7 30. Qxa5 Rc8 31. c3
Qd5 32. Bb4 Rc4 33. Qa7 Rc8 34. Qe7 f5 35. Ra1 1-0

[Event "Bled Olympiad"]
[Site "Bled SLO"]
[Date "2002.11.04"]
[EventDate "2002.10.26"]
[Round "9"]
[Result "1-0"]
[White "Siegfried Baumegger"]
[Black "Roland Ekstroem"]
[WhiteElo "2359"]
[BlackElo "2478"]
[PlyCount "63"]

1. e4 c6 2. d4 d5 3. exd5 cxd5 4. c4 Nf6 5. Nc3 e6 6. Nf3 Be7
7. cxd5 Nxd5 8. Bd3 Nc6 9. O-O O-O 10. Re1 Ncb4 11. Bb1 Nf6
12. a3 Nbd5 13. Qd3 b6 14. Nxd5 Qxd5 15. Bg5 g6 16. Ba2 Qd6
17. d5 exd5 18. Qd4 Kg7 19. Bxd5 Rb8 20. Bf4 Qxd5 21. Bxb8 Bg4
22. Rxe7 Rxb8 23. Qxd5 Nxd5 24. Rxa7 Bxf3 25. gxf3 Rc8 26. b4
Rc3 27. Rd7 Nf4 28. a4 Rxf3 29. a5 bxa5 30. bxa5 g5 31. Rd2
Nh3+ 32. Kg2 1-0

[Event "Bled Olympiad"]
[Site "Bled SLO"]
[Date "2002.11.04"]
[EventDate "2002.10.26"]
[Round "9"]
[Result "0-1"]
[White "Kaido Kulaots"]
[Black "Ekrem Cekro"]
[WhiteElo "2542"]
[BlackElo "2432"]
[PlyCount "84"]

1. e4 g6 2. d4 Bg7 3. Nf3 d6 4. c3 Nf6 5. Bd3 O-O 6. O-O Nc6
7. d5 Nb8 8. c4 Bg4 9. Nc3 Nbd7 10. h3 Bxf3 11. Qxf3 c6
12. Qd1 Rc8 13. Be3 Ne5 14. Be2 cxd5 15. cxd5 a6 16. Bd4 b5
17. Re1 Nc4 18. Rb1 Bh6 19. Bd3 Nd7 20. Re2 Nde5 21. Bc2 Qc7
22. Bb3 Qb7 23. a4 b4 24. Na2 Na5 25. Re1 Rc7 26. g3 Bg7
27. Kg2 Rfc8 28. Re2 Bf6 29. Re3 Nd7 30. Bxf6 exf6 31. Nc1 Nc5
32. Qd4 h6 33. g4 Ncxb3 34. h4 Rc4 35. Rxb3 Kg7 36. Qe3 Qd7
37. f3 Qxa4 38. g5 fxg5 39. hxg5 hxg5 40. e5 Kh7 41. Qd4 Rxd4
42. exd6 g4 0-1

[Event "Bled Olympiad"]
[Site "Bled SLO"]
[Date "2002.11.04"]
[EventDate "2002.10.26"]
[Round "9"]
[Result "1/2-1/2"]
[White "Geert van der Stricht"]
[Black "Mikhail Rytshagov"]
[WhiteElo "2403"]
[BlackElo "2503"]
[PlyCount "64"]

1. d4 d5 2. c4 dxc4 3. e3 Nf6 4. Bxc4 e6 5. Nf3 c5 6. O-O a6
7. Bb3 cxd4 8. exd4 Nc6 9. Nc3 Be7 10. Re1 O-O 11. a3 Na5
12. Bc2 b5 13. d5 Re8 14. Qd3 g6 15. Bg5 Nxd5 16. Nxd5 exd5
17. Rxe7 Rxe7 18. Qc3 Nb7 19. Nd4 Bd7 20. Bb3 Rc8 21. Qf3 Be6
22. g3 Nc5 23. Bxe7 Qxe7 24. Bxd5 Bxd5 25. Qxd5 Qd8 26. Qxd8+
Rxd8 27. Nf3 Rd3 28. Rc1 Na4 29. Ne5 Rb3 30. Rc6 Nxb2 31. Rxa6
Nc4 32. Nxc4 bxc4 1/2-1/2

[Event "Bled Olympiad"]
[Site "Bled SLO"]
[Date "2002.11.04"]
[EventDate "2002.10.26"]
[Round "9"]
[Result "0-1"]
[White "Rafael Duailibe Leitao"]
[Black "Ljubomir Ljubojevic"]
[WhiteElo "2548"]
[BlackElo "2557"]
[PlyCount "116"]

1. e4 c5 2. Nf3 d6 3. d4 cxd4 4. Nxd4 Nf6 5. Nc3 a6 6. Be3 e6
7. f3 b5 8. g4 Bb7 9. Qd2 Nfd7 10. O-O-O Nb6 11. Nb3 N8d7
12. Na5 Rb8 13. a4 b4 14. Na2 Nxa4 15. Qxb4 Nxb2 16. Nxb7 Nxd1
17. Ba7 Nf2 18. Bxf2 Qc7 19. Bxa6 Qc6 20. Qa5 Ra8 21. Nb4 Qxb7
22. Rd1 Be7 23. Rd3 d5 24. Rb3 Bxb4 25. Bxb7 Rxa5 26. Rxb4 O-O
27. exd5 exd5 28. Bd4 Rb8 29. Rb2 Ra4 30. c3 Ra5 31. Kc2 g5
32. Rb4 Nf8 33. Bc6 Rc8 34. Bb7 Rc4 35. Kb3 Ne6 36. Rxc4 dxc4+
37. Kxc4 Nxd4 38. Kxd4 Kf8 39. c4 Ke7 40. Bd5 Ra2 41. c5 Rxh2
42. c6 Rd2+ 43. Kc5 h6 44. Be4 Kd8 45. Bd5 Kc7 46. Bxf7 Rc2+
47. Kd4 Rxc6 48. Ke5 Kd7 49. Kf5 Ke7 50. Bd5 Rc5 51. Ke5 Ra5
52. Ke4 Kd6 53. Bg8 Ra8 54. Bh7 Rf8 55. Bf5 Re8+ 56. Kd4 Rb8
57. Bd3 Rb4+ 58. Bc4 Ra4 0-1

[Event "Bled Olympiad"]
[Site "Bled SLO"]
[Date "2002.11.04"]
[EventDate "2002.10.26"]
[Round "9"]
[Result "1-0"]
[White "Branko Damljanovic"]
[Black "Darcy Gustavo Machado Vieira Lima"]
[WhiteElo "2550"]
[BlackElo "2533"]
[PlyCount "47"]

1. c4 Nf6 2. Nc3 e6 3. e4 d5 4. e5 Ne4 5. Nf3 Nc6 6. d4 Bb4
7. Qc2 f6 8. exf6 Qxf6 9. Be3 Qg6 10. O-O-O Bxc3 11. bxc3 O-O
12. h4 b5 13. cxb5 Ne7 14. Ne5 Qe8 15. Bd3 a6 16. f3 Nf6
17. g4 Kh8 18. h5 axb5 19. Bg6 Qd8 20. h6 hxg6 21. Nxg6+ Kg8
22. hxg7 Re8 23. Rh8+ Kxg7 24. Bh6+ 1-0

[Event "Bled Olympiad"]
[Site "Bled SLO"]
[Date "2002.11.04"]
[EventDate "2002.10.26"]
[Round "9"]
[Result "0-1"]
[White "Dejan Pikula"]
[Black "Cicero Nogueira Braga"]
[WhiteElo "2485"]
[BlackElo "2415"]
[PlyCount "60"]

1. e4 c5 2. Nf3 d6 3. Bb5+ Nd7 4. d4 Ngf6 5. Nc3 cxd4 6. Qxd4
e5 7. Qd3 h6 8. Nd2 Be7 9. Nc4 O-O 10. Bxd7 Bxd7 11. Nxd6 Qc7
12. Ndb5 Qc6 13. a4 Be6 14. Na3 Bb4 15. Bd2 Rfd8 16. Qb5 Bxc3
17. Bxc3 Qxe4+ 18. Kf1 Bh3 19. Rg1 Ng4 20. Qe2 Nxh2+ 21. Ke1
Bxg2 22. Qxe4 Bxe4 23. Rxg7+ Kxg7 24. Bxe5+ Kh7 25. Bxh2 Bf3
26. Nc4 Rd5 27. Bg3 Rad8 28. Ne3 Rh5 29. Nf1 Rh1 30. Bf4 Rd4
0-1